000 00528nam a2200193Ia 4500
001 19211
003 IN-NITTTR
005 20251114233222.0
008 251113s9999||||xx |||||||||||||| ||eng||
040 _beng
040 _cIN-NITTTR
041 _aeng
082 _a621.366 O4I R
100 _aO'shea, C. Donald
245 0 _aIntroduction to lasers and their applications. /
_cO'shea, C. Donald, Callen, W.Russell, Rhodes, William T.
700 _a Callen, W.Russell
700 _a Rhodes, William T.
942 _2ddc
_cBK
999 _c21845
_d21845